000 00424nam a2200121Ia 4500
008 171212s9999 xx 000 0 und d
020 _a9780833058607
100 _aKaye, Dalia Dassa;Nader, Alireza;Roshan, Parisa
245 _cKaye, Dalia Dassa;Nader, Alireza;Roshan, Parisa
_aIsrael and Iran
_bA Dangerous Rivalry
260 _bRAND Corporation
_c2011
650 _aHistory
856 _uwww.jstor.org/stable/10.7249/mg1143osd
999 _c352250
_d352250